Statistics for Name a Valid First-Level Subdivision for Every Country - Pro

Click here to take the quiz!

General Stats

  • This quiz has been taken 325 times
    (87 since last reset)
  • The average score is 78 of 190

Answers on the Map

Answers color-coded by a green-red scale on the quiz's map according to % correct below.
Loading ...
 

Answer Stats

Country# and type% Correct
Myanmar7 states
7 regions
5 self-administered zones
1 self-administered division
1 union territory
✓ MM
93%
United States50 states
3 insular areas
2 territories
1 district
✓ US
93%
Fiji14 provinces
1 dependency
✓ FJ
92%
United Kingdom11 territories
3 constituent countries
3 crown dependencies
1 province
✓ GB
91%
Canada10 provinces
3 territories
✓ CA
89%
Germany16 states✓ DE
88%
Australia6 states
3 internal territories
3 external territories
✓ AU
88%
Spain19 autonomous communities✓ ES
87%
China22 provinces
5 autonomous regions
4 municipalities
2 special regions
✓ CN
87%
Italy20 regions✓ IT
87%
France18 regions
3 collectivities
3 territories
✓ FR
85%
Russia46 oblasts
22 republics
9 krais
4 autonomous okrugs
3 federal cities
1 autonomous oblast
✓ RU
85%
India28 states
9 union territories
✓ IN
84%
Brazil26 states
1 district
✓ BR
84%
Japan47 prefectures✓ JP
81%
Turkey81 provinces✓ TR
80%
Mexico31 states
1 district
✓ MX
80%
Ireland31 councils✓ IE
80%
Denmark5 regions
2 constituent countries
✓ DK
79%
Argentina23 provinces
1 autonomous city
✓ AR
79%
Switzerland26 cantons✓ CH
79%
Portugal18 districts
2 autonomous regions
✓ PT
79%
Greece13 regions
1 autonomous entity
✓ GR
77%
Egypt27 provinces✓ EG
76%
Belgium3 regions✓ BE
75%
New Zealand16 regions
2 free-association countries
1 dependent territory
1 territory
✓ NZ
73%
South Korea17 provinces✓ KR
73%
Morocco12 regions✓ MA
73%
Netherlands12 provinces
3 constituent countries
3 municipalities
✓ NL
71%
Ukraine24 regions
1 city
✓ UA
71%
United Arab Emirates7 emirates✓ AE
71%
Pakistan4 provinces
3 territories
✓ PK
71%
Dominican Republic31 provinces
1 district
✓ DO
69%
Colombia32 departments
1 district
✓ CO
68%
Indonesia34 provinces✓ ID
68%
Israel7 districts✓ IL
68%
Nigeria36 states
1 territory
✓ NG
68%
Tanzania31 regions✓ TZ
68%
Chile16 regions✓ CL
67%
Turkmenistan5 regions
1 district
✓ TM
67%
Austria9 states✓ AT
67%
Peru24 departments
1 autonomous city
✓ PE
65%
Saudi Arabia13 regions✓ SA
65%
Kazakhstan14 regions
4 cities
✓ KZ
65%
Ecuador24 provinces✓ EC
64%
Syria14 provinces✓ SY
64%
Poland16 provinces✓ PL
64%
Croatia20 counties
1 city
✓ HR
63%
Cuba15 provinces
1 special municipality
✓ CU
63%
Antigua and
Barbuda
6 parishes
1 dependency
✓ AG
61%
Cape Verde22 municipalities✓ CV
61%
Venezuela23 states
1 district
1 dependency
✓ VE
60%
Barbados11 parishes✓ BB
59%
Trinidad and Tobago9 regions
5 municipalities
1 island
✓ TT
57%
Vietnam58 provinces
5 municipalities
✓ VN
57%
Czech Republic14 regions✓ CZ
57%
Algeria58 provinces✓ DZ
57%
Yemen21 provinces
1 municipality
✓ YE
56%
Honduras18 departments✓ HN
55%
Dominica10 parishes✓ DM
55%
Bahamas32 districts✓ BS
55%
Bangladesh8 divisions✓ BD
55%
Finland19 regions✓ FI
53%
Romania41 counties
1 municipality
✓ RO
53%
Iran31 provinces✓ IR
53%
Libya22 districts✓ LY
53%
Ethiopia10 regions
2 cities
✓ ET
52%
Thailand76 provinces
2 special administrative area
✓ TH
52%
Iraq19 provinces✓ IQ
52%
Jordan12 provinces✓ JO
51%
Bolivia9 departments✓ BO
51%
Belarus6 regions
1 city
✓ BY
51%
Norway11 regions
1 territory
✓ NO
49%
Bulgaria28 provinces✓ BG
49%
Ivory Coast14 districts✓ CI
49%
South Africa9 provinces✓ ZA
49%
Montenegro24 municipalities✓ ME
48%
Sudan18 states✓ SD
47%
Afghanistan34 provinces✓ AF
47%
Saint Vincent and
the Grenadines
6 parishes✓ VC
47%
Sweden21 counties✓ SE
47%
Grenada6 parishes
1 dependency
✓ GD
47%
Slovenia212 municipalities✓ SI
45%
Moldova32 districts
3 municipalities
2 autonomous territories
✓ MD
45%
Uruguay19 departments✓ UY
44%
Kenya47 counties✓ KE
43%
Lithuania10 counties✓ LT
43%
São Tomé
and Príncipe
6 districts
1 autonomous region
✓ ST
43%
Angola18 provinces✓ AO
40%
Liechtenstein11 municipalities✓ LI
40%
Hungary20 counties✓ HU
40%
Mali11 regions✓ ML
40%
Nicaragua15 departments
2 autonomous regions
✓ NI
40%
El Salvador14 departments✓ SV
39%
Cyprus6 districts✓ CY
39%
North Macedonia80 municipalities✓ MK
39%
Monaco9 wards✓ MC
39%
Tunisia24 provinces✓ TN
39%
Mozambique10 provinces
1 city
✓ MZ
37%
Latvia119 municipalities✓ LV
37%
Slovakia8 regions✓ SK
37%
Burundi18 provinces✓ BI
37%
Bosnia and
Herzegovina
2 political divisions
1 district
✓ BA
36%
Georgia9 regions
2 autonomous republics
1 city
✓ GE
36%
Malaysia13 states
3 federal territories
✓ MY
35%
Togo5 regions✓ TG
35%
Serbia24 districts
1 city
✓ RS
35%
Papua New Guinea20 provinces
1 autonomous region
1 district
✓ PG
35%
Albania12 counties✓ AL
35%
Uzbekistan12 regions
1 autonomous republic
1 city
✓ UZ
32%
Saint Kitts and Nevis2 islands✓ KN
32%
Jamaica14 parishes✓ JM
32%
Estonia15 counties✓ EE
31%
Democratic Republic
of the Congo
26 provinces✓ CD
29%
Nepal7 provinces✓ NP
29%
Mongolia21 provinces
1 municipalities
✓ MN
29%
Malta5 regions✓ MT
29%
Suriname10 districts✓ SR
28%
Marshall Islands24 municipalities✓ MH
28%
Philippines17 administrative regions
1 autonomous region
✓ PH
27%
Paraguay17 departments
1 district
✓ PY
25%
Namibia14 regions✓ NA
25%
Luxembourg12 cantons✓ LU
25%
Taiwan13 counties
6 special municipalities
3 cities
✓ TW
25%
Ghana16 regions✓ GH
25%
Republic of the Congo12 departments✓ CG
24%
Madagascar22 provinces✓ MG
24%
Maldives19 atolls
2 cities
✓ MV
24%
Eritrea6 regions✓ ER
24%
Kyrgyzstan7 regions
2 cities
✓ KG
24%
Kosovo7 districts✓ XK
24%
Panama10 provinces
3 indigenous regions
✓ PA
23%
Iceland72 municipalities✓ IS
23%
Azerbaijan56 districts
12 cities
✓ AZ
21%
Federated States
of Micronesia
4 states✓ FM
21%
Andorra7 parishes✓ AD
20%
Palau16 states✓ PW
20%
Senegal14 regions✓ SN
20%
Cambodia25 provinces✓ KH
20%
Benin12 departments✓ BJ
19%
Chad23 regions✓ TD
19%
Somalia18 regions✓ SO
19%
Equatorial Guinea8 provinces✓ GQ
19%
Seychelles26 districts✓ SC
17%
San Marino9 municipalities✓ SM
17%
Zimbabwe10 provinces✓ ZW
17%
Liberia15 counties✓ LR
16%
Bhutan20 districts✓ BT
16%
Niger8 regions✓ NE
16%
Vanuatu6 provinces✓ VU
15%
North Korea9 provinces
4 special cities
✓ KP
15%
Samoa11 districts✓ WS
13%
Botswana17 districts✓ BW
13%
Burkina Faso13 regions✓ BF
13%
Kiribati24 councils✓ KI
13%
South Sudan10 states
2 administrative areas
✓ SS
13%
Guatemala22 departments✓ GT
13%
Solomon Islands9 provinces
1 territory
✓ SB
13%
Mauritania15 regions✓ MR
12%
Armenia10 provinces
1 municipality
✓ AM
12%
Belize6 districts✓ BZ
12%
Oman11 provinces✓ OM
12%
Tajikistan4 regions
1 autonomous region
✓ TJ
12%
Cameroon10 regions✓ CM
11%
Comoros3 islands✓ KM
11%
Costa Rica7 provinces✓ CR
11%
Lebanon8 provinces✓ LB
9%
Zambia10 provinces✓ ZM
9%
Djibouti6 regions✓ DJ
9%
Guyana10 governorates✓ GY
9%
Laos17 provinces
1 prefecture
✓ LA
9%
Mauritius4 islands✓ MU
8%
Gabon9 provinces✓ GA
8%
Brunei4 districts✓ BN
7%
Guinea-Bissau8 regions
1 autonomous sector
✓ GW
7%
Tonga5 administrative divisions✓ TO
7%
Central African
Republic
16 prefectures
1 autonomous commune
✓ CF
7%
Eswatini4 regions✓ SZ
7%
Sri Lanka9 provinces✓ LK
7%
Nauru14 districts✓ NR
7%
Bahrain4 provinces✓ BH
7%
Qatar8 municipalities✓ QA
7%
Kuwait6 provinces✓ KW
5%
Uganda135 districts✓ UG
5%
East Timor13 municipalities✓ TL
5%
Saint Lucia11 quarters✓ LC
4%
Haiti10 departments✓ HT
4%
Guinea8 regions✓ GN
4%
Tuvalu9 islands✓ TV
4%
Lesotho10 districts✓ LS
1%

Score Distribution

Percentile by Number Answered

Percent of People with Each Score

Your Score History

You have not taken this quiz since the last reset